| 000 | 00421nam a2200169Ia 4500 | ||
|---|---|---|---|
| 008 | 180424s9999 xx 000 0 und d | ||
| 084 | _a301 S42 | ||
| 100 | _a"Spencer, Metta" | ||
| 245 | 0 | _aFoundations of Modern Sociology | |
| 250 | _a\\197602ENGGPSX | ||
| 260 | _aPrentice Hall | ||
| 260 | _b1976 | ||
| 260 | _cEnglewood Cliffs | ||
| 300 | _axvii+620p | ||
| 500 | _aincludes index and biblioraphy | ||
| 942 | _cBK | ||
| 999 |
_c51175 _d51175 |
||